[Event "CAN-ch U10 Girls"]
[Site "Vancouver"]
[Date "2012.07.05"]
[Round "6"]
[White "Zhang, Jeannie"]
[Black "Armstrong, Riley"]
[Result "1-0"]
[WhiteElo "1027"]
[BlackElo "450"]
[PlyCount "61"]
[EventDate "2012.07.03"]
[EventType "swiss"]
[EventRounds "7"]
[EventCountry "CAN"]
[SourceTitle "EXT 2022"]
[Source "ChessBase"]
[SourceDate "2021.10.06"]
[SourceVersion "1"]
[SourceVersionDate "2021.10.06"]
[SourceQuality "1"]

1. e4 d6 2. Nf3 Bd7 3. d4 e6 4. Nc3 Nc6 5. Be3 e5 6. dxe5 dxe5 7. Bc4 a5 8. 0-0 Qe7 9. Qe2 Nb4 10. a3 Nc6 11. Rfd1 Bg4 12. h3 Bh5 13. Nd5 Qd8 14. Nf4 exf4 15. Rxd8+ Kxd8 16. Bxf4 Bc5 17. Rd1+ Ke8 18. g4 Bg6 19. Bxc7 Nf6 20. e5 Ne4 21. Rf1 Nd4 22. Nxd4 Bxd4 23. c3 Bxe5 24. Bxe5 Rd8 25. Bxg7 Rg8 26. Bf6 Rd6 27. Be5 Rd2 28. Bb5+ Kd8 29. Rd1 Rxd1+ 30. Qxd1+ Kc8 31. Qd7# 1-0